Current NFL TEs' Colleges - Statistics

General Stats
  • This quiz has been taken 994 times
  • The average score is 19 of 32
Answer Stats
TE NFL Team College % Correct
Brock Bowers Raiders Georgia
98%
Noah Fant Seahawks Iowa
93%
TJ Hockenson Vikings Iowa
93%
George Kittle 49ers Iowa
93%
Sam LaPorta Lions Iowa
93%
Travis Kelce Chiefs Cincinnati
86%
Kyle Pitts Falcons Florida
86%
Mark Andrews Ravens Oklahoma
81%
Pat Freiermuth Steelers Penn State
75%
Mike Gesicki Bengals Penn State
75%
Theo Johnson Giants Penn State
75%
Brenton Strange Jaguars Penn State
75%
Ja'Tavion Sanders Panthers Texas
61%
Cole Kmet Bears Notre Dame
59%
David Njoku Browns Miami
58%
Dalton Kincaid Bills Utah
56%
Dallas Goedert Eagles South Dakota State
53%
Tucker Kraft Packers South Dakota State
53%
Juwan Johnson Saints Oregon
48%
Zach Ertz Commanders Stanford
48%
Colby Parkinson Rams Stanford
48%
Dalton Schultz Texans Stanford
48%
Trey McBride Cardinals Colorado State
47%
Jake Ferguson Cowboys Wisconsin
45%
Hunter Henry Patriots Arkansas
42%
Will Dissly Chargers Washington
40%
Cade Otton Buccaneers Washington
40%
Chig Okonkwo Titans Maryland
26%
Jonnu Smith Dolphins FIU
18%
Kylen Granson Colts SMU
16%
Tyler Conklin Jets Central Michigan
14%
Adam Trautman Broncos Dayton
11%
No matching quizzes found
Score Distribution
Percent of People with Each Score
Percentile by Number Answered
Your Score History
You have not taken this quiz